|
|
|
|
| LEADER |
00851nam a2200265 4500 |
| 001 |
000991891 |
| 003 |
CZ BrMZK |
| 005 |
20100121150824.0 |
| 007 |
ta |
| 008 |
010825s1989 enka eng |
| 020 |
|
|
|a 030431403x
|q (brož.)
|
| 040 |
|
|
|a BOA001
|b cze
|
| 080 |
9 |
|
|a 81'36
|
| 080 |
9 |
|
|a 811.111
|
| 100 |
1 |
|
|a Allsop, Jake
|7 xx0002397
|4 aut
|
| 245 |
1 |
0 |
|a Making sense of English grammar exercises /
|c Jake Allsop
|
| 250 |
|
|
|a 1st pub.
|
| 260 |
|
|
|a London :
|b Cassell,
|c 1989
|
| 300 |
|
|
|a 84 s. :
|b il.
|
| 650 |
0 |
9 |
|a English language - Grammar - 1950-
|2 eczenas
|
| 655 |
|
7 |
|a učebnice
|7 fd133770
|2 czenas
|
| 910 |
|
|
|a BOA001
|b AK-0004.250
|
| 990 |
|
|
|a BK
|
| 991 |
|
|
|b 200911
|y British Council Brno - Czech Republic
|z 000040454
|x 99
|
| 996 |
7 |
|
|b R02651M0391
|c AK-0004.250
|l Anglická knihovna/2.patro
|r ZHR
|n 28
|h G-exe
|w 000991891
|u 000010
|a 0
|e BOA001
|j MZK50
|s A
|